000 00474nam a2200181Ia 4500
008 240925s9999 xx 000 0 und d
020 _a9788126567331
082 _a658.812 CHO
100 _aChorianopoulos, Antonios
245 0 _aEffective CRM Using Predictive Analytics
250 _a1st
260 _aNew Delhi:
_bWiley Eastern
_c,2016.
300 _a459p.
_bNA
_fOriginal
500 _aIncludes Index
600 _aManagement
650 _aManagement
942 _cBK
999 _c16200
_d16200